Fictional Logos - Video Games - Statistics

General Stats
  • This quiz has been taken 20 times
  • The average score is 6 of 16
Answer Stats
Picture Hint Answer % Correct
Resident Evil Umbrella Corporation
82%
Portal Aperture Science
59%
Half-Life Black Mesa Research Facility
59%
Cyberpunk 2077 Arasaka
53%
Fallout Vault-Tec
47%
Detroit: Become Human CyberLife
41%
Team Fortress Mann Co.
41%
Assassin's Creed Abstergo Industries
35%
Grand Theft Auto V Mors Mutual
35%
Animal Crossing Dodo Airlines
29%
Five Nights at Freddy's Fazbear Entertainment
29%
Hitman International Contract Agency
24%
DOOM Union Aerospace Corporation
24%
Watch Dogs Blume Corporation
18%
Luigi's Mansion Gadd Science Inc.
18%
Metal Gear Militaires Sans Frontières
18%
No matching quizzes found
Score Distribution
Percent of People with Each Score
Percentile by Number Answered
Your Score History
You have not taken this quiz